<?xml version="1.0" encoding="UTF-8"?>
<record
    xmlns:xsi="http://www.w3.org/2001/XMLSchema-instance"
    xsi:schemaLocation="http://www.loc.gov/MARC21/slim http://www.loc.gov/standards/marcxml/schema/MARC21slim.xsd"
    xmlns="http://www.loc.gov/MARC21/slim">

  <leader>00451nam a2200169   4500</leader>
  <controlfield tag="003">SEACOMEC</controlfield>
  <controlfield tag="005">20250326130815.0</controlfield>
  <controlfield tag="008">240406b        |||||||| |||| 00| 0 eng d</controlfield>
  <datafield tag="020" ind1=" " ind2=" ">
    <subfield code="a"> 978-8187328452</subfield>
    <subfield code="c">Rs.197.00</subfield>
  </datafield>
  <datafield tag="040" ind1=" " ind2=" ">
    <subfield code="a">SEACOMEC</subfield>
  </datafield>
  <datafield tag="082" ind1=" " ind2=" ">
    <subfield code="a">428.2</subfield>
    <subfield code="b">L192</subfield>
  </datafield>
  <datafield tag="100" ind1=" " ind2=" ">
    <subfield code="a"> Lakshminarayanan  K.K.</subfield>
  </datafield>
  <datafield tag="245" ind1=" " ind2=" ">
    <subfield code="a">English for technical communication / </subfield>
    <subfield code="c">K.K.  Lakshminarayanan </subfield>
  </datafield>
  <datafield tag="260" ind1=" " ind2=" ">
    <subfield code="a">chennai</subfield>
    <subfield code="b">Scitech</subfield>
    <subfield code="c">2005</subfield>
  </datafield>
  <datafield tag="300" ind1=" " ind2=" ">
    <subfield code="a">298p</subfield>
  </datafield>
  <datafield tag="942" ind1=" " ind2=" ">
    <subfield code="c">BOOK</subfield>
  </datafield>
  <datafield tag="952" ind1=" " ind2=" ">
    <subfield code="0">0</subfield>
    <subfield code="1">0</subfield>
    <subfield code="2">ddc</subfield>
    <subfield code="4">0</subfield>
    <subfield code="7">0</subfield>
    <subfield code="a">SEACOMEC</subfield>
    <subfield code="b">SEACOMEC</subfield>
    <subfield code="d">2024-04-06</subfield>
    <subfield code="l">0</subfield>
    <subfield code="o">428.2 L192</subfield>
    <subfield code="p">4999</subfield>
    <subfield code="r">2024-04-06 12:02:18</subfield>
    <subfield code="w">2024-04-06</subfield>
    <subfield code="y">BOOK</subfield>
  </datafield>
  <datafield tag="952" ind1=" " ind2=" ">
    <subfield code="0">0</subfield>
    <subfield code="1">0</subfield>
    <subfield code="2">ddc</subfield>
    <subfield code="4">0</subfield>
    <subfield code="7">0</subfield>
    <subfield code="a">SEACOMEC</subfield>
    <subfield code="b">SEACOMEC</subfield>
    <subfield code="d">2024-04-06</subfield>
    <subfield code="l">0</subfield>
    <subfield code="o">428.2 L192</subfield>
    <subfield code="p">5000</subfield>
    <subfield code="r">2024-04-06 12:02:47</subfield>
    <subfield code="t">1</subfield>
    <subfield code="w">2024-04-06</subfield>
    <subfield code="y">BOOK</subfield>
  </datafield>
  <datafield tag="952" ind1=" " ind2=" ">
    <subfield code="0">0</subfield>
    <subfield code="1">0</subfield>
    <subfield code="2">ddc</subfield>
    <subfield code="4">0</subfield>
    <subfield code="7">0</subfield>
    <subfield code="a">SEACOMEC</subfield>
    <subfield code="b">SEACOMEC</subfield>
    <subfield code="d">2024-04-06</subfield>
    <subfield code="l">0</subfield>
    <subfield code="o">428.2 L192</subfield>
    <subfield code="p">5001</subfield>
    <subfield code="r">2024-04-06 12:02:47</subfield>
    <subfield code="t">2</subfield>
    <subfield code="w">2024-04-06</subfield>
    <subfield code="y">BOOK</subfield>
  </datafield>
  <datafield tag="952" ind1=" " ind2=" ">
    <subfield code="0">0</subfield>
    <subfield code="1">0</subfield>
    <subfield code="2">ddc</subfield>
    <subfield code="4">0</subfield>
    <subfield code="7">0</subfield>
    <subfield code="a">SEACOMEC</subfield>
    <subfield code="b">SEACOMEC</subfield>
    <subfield code="d">2024-04-06</subfield>
    <subfield code="l">0</subfield>
    <subfield code="o">428.2 L192</subfield>
    <subfield code="p">5002</subfield>
    <subfield code="r">2024-04-06 12:02:47</subfield>
    <subfield code="t">3</subfield>
    <subfield code="w">2024-04-06</subfield>
    <subfield code="y">BOOK</subfield>
  </datafield>
  <datafield tag="952" ind1=" " ind2=" ">
    <subfield code="0">0</subfield>
    <subfield code="1">0</subfield>
    <subfield code="2">ddc</subfield>
    <subfield code="4">0</subfield>
    <subfield code="7">0</subfield>
    <subfield code="a">SEACOMEC</subfield>
    <subfield code="b">SEACOMEC</subfield>
    <subfield code="d">2024-06-11</subfield>
    <subfield code="l">0</subfield>
    <subfield code="o">428.2 L192</subfield>
    <subfield code="p">5593</subfield>
    <subfield code="r">2024-06-11 12:10:50</subfield>
    <subfield code="t">4</subfield>
    <subfield code="w">2024-06-11</subfield>
    <subfield code="y">BOOK</subfield>
  </datafield>
  <datafield tag="952" ind1=" " ind2=" ">
    <subfield code="0">0</subfield>
    <subfield code="1">0</subfield>
    <subfield code="2">ddc</subfield>
    <subfield code="4">0</subfield>
    <subfield code="7">0</subfield>
    <subfield code="a">SEACOMEC</subfield>
    <subfield code="b">SEACOMEC</subfield>
    <subfield code="d">2009-09-23</subfield>
    <subfield code="l">0</subfield>
    <subfield code="o">428.2 L192</subfield>
    <subfield code="p">15077</subfield>
    <subfield code="r">2025-03-26 13:13:37</subfield>
    <subfield code="t">5</subfield>
    <subfield code="w">2025-03-26</subfield>
    <subfield code="y">BOOK</subfield>
  </datafield>
  <datafield tag="952" ind1=" " ind2=" ">
    <subfield code="0">0</subfield>
    <subfield code="1">0</subfield>
    <subfield code="2">ddc</subfield>
    <subfield code="4">0</subfield>
    <subfield code="7">0</subfield>
    <subfield code="a">SEACOMEC</subfield>
    <subfield code="b">SEACOMEC</subfield>
    <subfield code="d">2009-09-23</subfield>
    <subfield code="l">0</subfield>
    <subfield code="o">428.2 L192</subfield>
    <subfield code="p">15078</subfield>
    <subfield code="r">2025-03-26 13:13:37</subfield>
    <subfield code="t">6</subfield>
    <subfield code="w">2025-03-26</subfield>
    <subfield code="y">BOOK</subfield>
  </datafield>
  <datafield tag="952" ind1=" " ind2=" ">
    <subfield code="0">0</subfield>
    <subfield code="1">0</subfield>
    <subfield code="2">ddc</subfield>
    <subfield code="4">0</subfield>
    <subfield code="7">0</subfield>
    <subfield code="a">SEACOMEC</subfield>
    <subfield code="b">SEACOMEC</subfield>
    <subfield code="d">2009-09-23</subfield>
    <subfield code="l">1</subfield>
    <subfield code="o">428.2 L192</subfield>
    <subfield code="p">15079</subfield>
    <subfield code="q">2025-11-25</subfield>
    <subfield code="r">2025-11-11 15:38:08</subfield>
    <subfield code="s">2025-11-11</subfield>
    <subfield code="t">7</subfield>
    <subfield code="w">2025-03-26</subfield>
    <subfield code="y">BOOK</subfield>
  </datafield>
  <datafield tag="952" ind1=" " ind2=" ">
    <subfield code="0">0</subfield>
    <subfield code="1">0</subfield>
    <subfield code="2">ddc</subfield>
    <subfield code="4">0</subfield>
    <subfield code="7">0</subfield>
    <subfield code="a">SEACOMEC</subfield>
    <subfield code="b">SEACOMEC</subfield>
    <subfield code="d">2009-09-23</subfield>
    <subfield code="l">0</subfield>
    <subfield code="o">428.2 L192</subfield>
    <subfield code="p">15080</subfield>
    <subfield code="r">2025-03-26 13:13:37</subfield>
    <subfield code="t">8</subfield>
    <subfield code="w">2025-03-26</subfield>
    <subfield code="y">BOOK</subfield>
  </datafield>
  <datafield tag="952" ind1=" " ind2=" ">
    <subfield code="0">0</subfield>
    <subfield code="1">0</subfield>
    <subfield code="2">ddc</subfield>
    <subfield code="4">0</subfield>
    <subfield code="7">0</subfield>
    <subfield code="a">SEACOMEC</subfield>
    <subfield code="b">SEACOMEC</subfield>
    <subfield code="d">2009-09-23</subfield>
    <subfield code="l">0</subfield>
    <subfield code="o">428.2 L192</subfield>
    <subfield code="p">15081</subfield>
    <subfield code="r">2025-03-26 13:13:37</subfield>
    <subfield code="t">9</subfield>
    <subfield code="w">2025-03-26</subfield>
    <subfield code="y">BOOK</subfield>
  </datafield>
  <datafield tag="952" ind1=" " ind2=" ">
    <subfield code="0">0</subfield>
    <subfield code="1">0</subfield>
    <subfield code="2">ddc</subfield>
    <subfield code="4">0</subfield>
    <subfield code="7">0</subfield>
    <subfield code="a">SEACOMEC</subfield>
    <subfield code="b">SEACOMEC</subfield>
    <subfield code="d">2009-09-23</subfield>
    <subfield code="l">0</subfield>
    <subfield code="o">428.2 L192</subfield>
    <subfield code="p">15082</subfield>
    <subfield code="r">2025-03-26 13:13:37</subfield>
    <subfield code="t">10</subfield>
    <subfield code="w">2025-03-26</subfield>
    <subfield code="y">BOOK</subfield>
  </datafield>
  <datafield tag="952" ind1=" " ind2=" ">
    <subfield code="0">0</subfield>
    <subfield code="1">0</subfield>
    <subfield code="2">ddc</subfield>
    <subfield code="4">0</subfield>
    <subfield code="7">0</subfield>
    <subfield code="a">SEACOMEC</subfield>
    <subfield code="b">SEACOMEC</subfield>
    <subfield code="d">2009-09-23</subfield>
    <subfield code="l">0</subfield>
    <subfield code="o">428.2 L192</subfield>
    <subfield code="p">15083</subfield>
    <subfield code="r">2025-03-26 13:13:37</subfield>
    <subfield code="t">11</subfield>
    <subfield code="w">2025-03-26</subfield>
    <subfield code="y">BOOK</subfield>
  </datafield>
  <datafield tag="952" ind1=" " ind2=" ">
    <subfield code="0">0</subfield>
    <subfield code="1">0</subfield>
    <subfield code="2">ddc</subfield>
    <subfield code="4">0</subfield>
    <subfield code="7">0</subfield>
    <subfield code="a">SEACOMEC</subfield>
    <subfield code="b">SEACOMEC</subfield>
    <subfield code="d">2009-09-23</subfield>
    <subfield code="l">0</subfield>
    <subfield code="o">428.2 L192</subfield>
    <subfield code="p">15084</subfield>
    <subfield code="r">2025-03-26 13:13:37</subfield>
    <subfield code="t">12</subfield>
    <subfield code="w">2025-03-26</subfield>
    <subfield code="y">BOOK</subfield>
  </datafield>
  <datafield tag="952" ind1=" " ind2=" ">
    <subfield code="0">0</subfield>
    <subfield code="1">0</subfield>
    <subfield code="2">ddc</subfield>
    <subfield code="4">0</subfield>
    <subfield code="7">0</subfield>
    <subfield code="a">SEACOMEC</subfield>
    <subfield code="b">SEACOMEC</subfield>
    <subfield code="d">2009-09-23</subfield>
    <subfield code="l">0</subfield>
    <subfield code="o">428.2 L192</subfield>
    <subfield code="p">15085</subfield>
    <subfield code="r">2025-03-26 13:13:37</subfield>
    <subfield code="t">13</subfield>
    <subfield code="w">2025-03-26</subfield>
    <subfield code="y">BOOK</subfield>
  </datafield>
  <datafield tag="952" ind1=" " ind2=" ">
    <subfield code="0">0</subfield>
    <subfield code="1">0</subfield>
    <subfield code="2">ddc</subfield>
    <subfield code="4">0</subfield>
    <subfield code="7">0</subfield>
    <subfield code="a">SEACOMEC</subfield>
    <subfield code="b">SEACOMEC</subfield>
    <subfield code="d">2009-09-23</subfield>
    <subfield code="l">0</subfield>
    <subfield code="o">428.2 L192</subfield>
    <subfield code="p">15086</subfield>
    <subfield code="r">2025-03-26 13:13:37</subfield>
    <subfield code="t">14</subfield>
    <subfield code="w">2025-03-26</subfield>
    <subfield code="y">BOOK</subfield>
  </datafield>
  <datafield tag="952" ind1=" " ind2=" ">
    <subfield code="0">0</subfield>
    <subfield code="1">0</subfield>
    <subfield code="2">ddc</subfield>
    <subfield code="4">0</subfield>
    <subfield code="7">0</subfield>
    <subfield code="a">SEACOMEC</subfield>
    <subfield code="b">SEACOMEC</subfield>
    <subfield code="d">2009-09-23</subfield>
    <subfield code="l">0</subfield>
    <subfield code="o">428.2 L192</subfield>
    <subfield code="p">15087</subfield>
    <subfield code="r">2025-03-26 13:13:37</subfield>
    <subfield code="t">15</subfield>
    <subfield code="w">2025-03-26</subfield>
    <subfield code="y">BOOK</subfield>
  </datafield>
  <datafield tag="952" ind1=" " ind2=" ">
    <subfield code="0">0</subfield>
    <subfield code="1">0</subfield>
    <subfield code="2">ddc</subfield>
    <subfield code="4">0</subfield>
    <subfield code="7">0</subfield>
    <subfield code="a">SEACOMEC</subfield>
    <subfield code="b">SEACOMEC</subfield>
    <subfield code="d">2009-09-23</subfield>
    <subfield code="l">0</subfield>
    <subfield code="o">428.2 L192</subfield>
    <subfield code="p">15088</subfield>
    <subfield code="r">2025-03-26 13:13:37</subfield>
    <subfield code="t">16</subfield>
    <subfield code="w">2025-03-26</subfield>
    <subfield code="y">BOOK</subfield>
  </datafield>
  <datafield tag="952" ind1=" " ind2=" ">
    <subfield code="0">0</subfield>
    <subfield code="1">0</subfield>
    <subfield code="2">ddc</subfield>
    <subfield code="4">0</subfield>
    <subfield code="7">0</subfield>
    <subfield code="a">SEACOMEC</subfield>
    <subfield code="b">SEACOMEC</subfield>
    <subfield code="d">2009-09-23</subfield>
    <subfield code="l">0</subfield>
    <subfield code="o">428.2 L192</subfield>
    <subfield code="p">15089</subfield>
    <subfield code="r">2025-03-26 13:13:37</subfield>
    <subfield code="t">17</subfield>
    <subfield code="w">2025-03-26</subfield>
    <subfield code="y">BOOK</subfield>
  </datafield>
  <datafield tag="952" ind1=" " ind2=" ">
    <subfield code="0">0</subfield>
    <subfield code="1">0</subfield>
    <subfield code="2">ddc</subfield>
    <subfield code="4">0</subfield>
    <subfield code="7">0</subfield>
    <subfield code="a">SEACOMEC</subfield>
    <subfield code="b">SEACOMEC</subfield>
    <subfield code="d">2009-09-23</subfield>
    <subfield code="l">0</subfield>
    <subfield code="o">428.2 L192</subfield>
    <subfield code="p">15090</subfield>
    <subfield code="r">2025-03-26 13:13:37</subfield>
    <subfield code="t">18</subfield>
    <subfield code="w">2025-03-26</subfield>
    <subfield code="y">BOOK</subfield>
  </datafield>
  <datafield tag="952" ind1=" " ind2=" ">
    <subfield code="0">0</subfield>
    <subfield code="1">0</subfield>
    <subfield code="2">ddc</subfield>
    <subfield code="4">0</subfield>
    <subfield code="7">0</subfield>
    <subfield code="a">SEACOMEC</subfield>
    <subfield code="b">SEACOMEC</subfield>
    <subfield code="d">2009-09-23</subfield>
    <subfield code="l">0</subfield>
    <subfield code="o">428.2 L192</subfield>
    <subfield code="p">15091</subfield>
    <subfield code="r">2025-03-26 13:13:37</subfield>
    <subfield code="t">19</subfield>
    <subfield code="w">2025-03-26</subfield>
    <subfield code="y">BOOK</subfield>
  </datafield>
  <datafield tag="999" ind1=" " ind2=" ">
    <subfield code="c">880</subfield>
    <subfield code="d">880</subfield>
  </datafield>
</record>
